Escudos de fútbol - Ligue 1 2025-26 - Estadísticas

Estadísticas generales
  • Esta prueba ha sido intentada 64 veces
    26 desde el último reinicio
  • La puntuación promedio es 14 de 18
Estadísticas de respuestas
Imagen Respuesta % Correcto
AS Monaco
100%
Lille OSC
100%
Olympique de Lyon
100%
Paris FC
100%
Paris Saint-Germain
100%
FC Nantes
94%
Olympique de Marsella
94%
OGC Niza
89%
FC Toulouse
72%
Racing Estrasburgo
72%
Racing Lens
72%
FC Metz
67%
Stade Brest
67%
Stade Rennes
67%
AJ Auxerre
61%
FC Lorient
56%
Le Havre Athletic
56%
Angers SCO
50%
No se encontraron pruebas coincidentes
Distribución de puntuación
Porcentaje de gente con cada puntuación
Porcentaje por número respondido
Historial de tus puntuaciones
No has intentado esta prueba desde el último reinicio